=LDR 00000nam 2200000 4500 =001 INLIS000000000034062 =005 20130612140000 =008 ***********************************ind** =035 ##$$0010-061300000034062 =041 ##$$a ind =082 ##$$a 634. 3 =090 ##$$a 634. 3, Ruk j =100 ##$$a Rukmana, Rahmat, H =245 ##$$a jeruk besar potensi dan perospekxa, H. Rukmana =260 ##$$a 2009 $b Yogyakarta =300 ##$$a 55 hlm, ilus, 21 cm =650 ##$$a Jeruk - Budidaya =850 ##$$a NBPNMAT